[Event "Szuperliga - GM Szabo Laszlo csoport"]
[Site "?"]
[Date "2024.11.02"]
[Round "1.6"]
[White "Horvath, Adam"]
[Black "Torma, Robert"]
[Result "1/2-1/2"]
[WhiteElo "2384"]
[BlackElo "2419"]
[PlyCount "64"]
[EventDate "2024.11.02"]
[EventType "team-tourn"]
[EventRounds "9"]
[Source "chess.hu"]
[SourceDate "2024.11.02"]
[WhiteTeam "Aquarena Kobanya SC"]
[BlackTeam "Viadukt Biatorbagy"]
[WhiteTeamCountry "HUN"]
[BlackTeamCountry "HUN"]

1. e4 e6 2. d4 d5 3. Nd2 c5 4. exd5 Qxd5 5. Ngf3 cxd4 6. Bc4 Qd6 7. O-O Nf6 8.
Nb3 Nc6 9. Nbxd4 Nxd4 10. Nxd4 a6 11. Bb3 Qc7 12. Re1 Bd7 13. Qf3 Bd6 14. Nf5
Bxh2+ 15. Kh1 O-O-O 16. Nxg7 Be5 17. Bg5 Bc6 18. Bxf6 Bxf3 19. Bxe5 Qc5 20. Re3
Bc6 21. Nxe6 Qe7 22. Nxd8 Rxd8 23. Rae1 Qg5 24. Bg3 Qh5+ 25. Kg1 Rd1 26. c3
Rxe1+ 27. Rxe1 Bd7 28. Re7 Qg5 29. Rxf7 Qc1+ 30. Kh2 Qh6+ 31. Kg1 Qc1+ 32. Kh2
Qh6+ 1/2-1/2

[Event "Szuperliga - GM Szabo Laszlo csoport"]
[Site "?"]
[Date "2024.11.03"]
[Round "2.1"]
[White "Mazur, Stefan"]
[Black "Bacrot, Etienne"]
[Result "1/2-1/2"]
[WhiteElo "2412"]
[BlackElo "2653"]
[PlyCount "76"]
[EventDate "2024.11.02"]
[EventType "team-tourn"]
[EventRounds "9"]
[Source "chess.hu"]
[SourceDate "2024.11.04"]
[WhiteTeam "Viadukt Biatorbagy"]
[BlackTeam "Sentimento Ajka BSK"]
[WhiteTeamCountry "HUN"]
[BlackTeamCountry "HUN"]

1. e4 c5 2. Nf3 e6 3. d4 cxd4 4. Nxd4 Nc6 5. Nc3 Qc7 6. Qd3 Nf6 7. Ndb5 Qb8 8.
Qg3 d6 9. Be3 a6 10. Nd4 h5 11. Nf3 b5 12. Bd3 Bb7 13. h3 Ne5 14. Nxe5 dxe5 15.
f3 h4 16. Qf2 Be7 17. O-O-O Nh5 18. Ne2 Qc7 19. Kb1 Rc8 20. Rc1 O-O 21. Rhd1 g6
22. Qe1 Bc6 23. Ka1 Kg7 24. Bf2 Bg5 25. Rb1 Qe7 26. Qa5 Bb7 27. Bg1 Rfd8 28.
Bh2 f6 29. Bg1 Rd7 30. Bf2 f5 31. Qe1 Rcd8 32. Bb6 Rc8 33. Bf2 Kf7 34. g4 hxg3
35. Bxg3 Bf6 36. Qf2 Rh8 37. Rg1 Rh6 38. Rbd1 Nxg3 1/2-1/2

[Event "Szuperliga - GM Szabo Laszlo csoport"]
[Site "?"]
[Date "2024.11.03"]
[Round "2.2"]
[White "Sjugirov, Sanan"]
[Black "Sipos, Istvan"]
[Result "1-0"]
[WhiteElo "2649"]
[BlackElo "2454"]
[PlyCount "67"]
[EventDate "2024.11.02"]
[EventType "team-tourn"]
[EventRounds "9"]
[Source "chess.hu"]
[SourceDate "2024.11.04"]
[WhiteTeam "Sentimento Ajka BSK"]
[BlackTeam "Viadukt Biatorbagy"]
[WhiteTeamCountry "HUN"]
[BlackTeamCountry "HUN"]

1. c4 e6 2. g3 d5 3. Bg2 Nf6 4. Nf3 Bd6 5. d4 h6 6. O-O O-O 7. b3 b6 8. cxd5
exd5 9. Nc3 a6 10. Bf4 Bb7 11. Rc1 Re8 12. e3 Bf8 13. h4 Nbd7 14. Ne5 c6 15. e4
dxe4 16. Nxe4 Nd5 17. Qf3 Nxe5 18. dxe5 Qd7 19. Kh2 Nxf4 20. Qxf4 Rad8 21. Rfd1
Qc7 22. Nd6 Re6 23. Nxb7 Rxd1 24. Rxd1 Qxb7 25. Bh3 Re7 26. e6 f6 27. Qe4 Qc8
28. Bf5 g6 29. Qg4 g5 30. Qh5 Qe8 31. Bg6 Qc8 32. Bf7+ Kh8 33. Rd3 Rxe6 34. Qg6
1-0

[Event "Szuperliga - GM Szabo Laszlo csoport"]
[Site "?"]
[Date "2024.11.03"]
[Round "2.3"]
[White "Bokros, Albert"]
[Black "Amin, Bassem"]
[Result "0-1"]
[WhiteElo "2396"]
[BlackElo "2647"]
[PlyCount "100"]
[EventDate "2024.11.02"]
[EventType "team-tourn"]
[EventRounds "9"]
[Source "chess.hu"]
[SourceDate "2024.11.04"]
[WhiteTeam "Viadukt Biatorbagy"]
[BlackTeam "Sentimento Ajka BSK"]
[WhiteTeamCountry "HUN"]
[BlackTeamCountry "HUN"]

1. e4 e5 2. Nf3 Nc6 3. Bb5 a6 4. Ba4 Nf6 5. d3 d6 6. c4 g6 7. Nc3 Bg7 8. O-O
O-O 9. h3 Nd4 10. Nxd4 exd4 11. Ne2 Nd7 12. Bxd7 Bxd7 13. Bf4 b5 14. b3 h6 15.
Qd2 Kh7 16. Rac1 Qe7 17. Bh2 Rfb8 18. Nf4 c6 19. Ne2 Rb7 20. Qb4 c5 21. Qd2
bxc4 22. bxc4 Rab8 23. Nf4 Qg5 24. Qe2 Rb2 25. Rc2 Rb1 26. Nd5 Bxh3 27. f4 Qg4
28. f5 gxf5 29. Bxd6 Qxe2 30. Rxe2 Rxf1+ 31. Kxf1 Rb1+ 32. Kf2 Bg4 33. Rd2 fxe4
34. dxe4 Rc1 35. Nb6 h5 36. Bxc5 Bh6 37. Rd3 Rc2+ 38. Kg3 Rc3 39. Rxc3 dxc3 40.
Ba3 c2 41. c5 c1=Q 42. Bxc1 Bxc1 43. c6 Bb2 44. Nc4 Bd4 45. e5 Kg6 46. Kf4 f6
47. exf6 Kxf6 48. Ke4 Bg1 49. c7 Ke7 50. Ne5 Bc8 0-1

[Event "Szuperliga - GM Szabo Laszlo csoport"]
[Site "?"]
[Date "2024.11.03"]
[Round "2.4"]
[White "Banusz, Tamas"]
[Black "Vanczak, Tamas"]
[Result "1/2-1/2"]
[WhiteElo "2576"]
[BlackElo "2413"]
[PlyCount "146"]
[EventDate "2024.11.02"]
[EventType "team-tourn"]
[EventRounds "9"]
[Source "chess.hu"]
[SourceDate "2024.11.04"]
[WhiteTeam "Sentimento Ajka BSK"]
[BlackTeam "Viadukt Biatorbagy"]
[WhiteTeamCountry "HUN"]
[BlackTeamCountry "HUN"]

1. Nf3 Nf6 2. g3 d5 3. Bg2 e6 4. O-O c5 5. c4 Nc6 6. cxd5 exd5 7. d4 cxd4 8.
Nxd4 Be7 9. Nc3 O-O 10. Be3 Be6 11. Qa4 Qd7 12. Rfd1 Rfd8 13. Nb3 Bb4 14. Rac1
Qe7 15. a3 Bd6 16. Nxd5 Nxd5 17. Bxd5 Bxd5 18. Rxd5 Be5 19. Rcd1 Rxd5 20. Rxd5
Rd8 21. Rxd8+ Qxd8 22. Nc5 Bxb2 23. Nxb7 Qd5 24. Bxa7 h5 25. e4 Qd7 26. Nc5
Qxa7 27. Qxc6 Qxa3 28. Kg2 Bd4 29. Nb7 g6 30. Qc2 Bb6 31. e5 Qe7 32. Qe4 Bc7
33. f4 Qe6 34. Nc5 Qa2+ 35. Kh3 Bb6 36. Qc6 Bxc5 37. Qxc5 Qe6+ 38. Kg2 Qa2+ 39.
Qf2 Qd5+ 40. Kg1 Qd1+ 41. Kg2 Qd5+ 42. Qf3 Qa2+ 43. Kh3 Qe6+ 44. g4 hxg4+ 45.
Qxg4 Qb3+ 46. Kh4 Qb2 47. h3 Kg7 48. Qf3 Qd4 49. Qf1 Qe3 50. Kg4 Qe4 51. h4
Qf5+ 52. Kg3 Qe4 53. Qf3 Qe1+ 54. Qf2 Qe4 55. Qf3 Qe1+ 56. Kh3 Kh6 57. Qg2 Kh7
58. Kg4 Kh6 59. Qg3 Qe4 60. Qf2 Kg7 61. Qf3 Qf5+ 62. Kg3 Kh6 63. Qa3 Kg7 64.
Qc3 Kh7 65. Qc4 Kh6 66. Qd4 Qc8 67. f5 gxf5 68. Qd6+ Kh5 69. Qd1+ Kg6 70. Qd6+
Kh5 71. Qd1+ Kg6 72. Qd2 f6 73. exf6 Kxf6 1/2-1/2

[Event "Szuperliga - GM Szabo Laszlo csoport"]
[Site "?"]
[Date "2024.11.03"]
[Round "2.5"]
[White "Bagi, Mate"]
[Black "Prohaszka, Peter"]
[Result "1/2-1/2"]
[WhiteElo "2425"]
[BlackElo "2545"]
[PlyCount "87"]
[EventDate "2024.11.02"]
[EventType "team-tourn"]
[EventRounds "9"]
[Source "chess.hu"]
[SourceDate "2024.11.04"]
[WhiteTeam "Viadukt Biatorbagy"]
[BlackTeam "Sentimento Ajka BSK"]
[WhiteTeamCountry "HUN"]
[BlackTeamCountry "HUN"]

1. e4 c6 2. Nf3 d5 3. Nc3 dxe4 4. Nxe4 Nf6 5. Nxf6+ exf6 6. Bc4 Bd6 7. Qe2+ Qe7
8. Qxe7+ Kxe7 9. d4 Bf5 10. c3 Re8 11. O-O Kf8 12. Bd2 Nd7 13. Rfe1 Be4 14.
Rad1 Nb6 15. Bf1 a5 16. Re2 Nd5 17. Rde1 Bxf3 18. Rxe8+ Rxe8 19. Rxe8+ Kxe8 20.
gxf3 Bf4 21. Be1 Bc1 22. b3 Bb2 23. c4 Nb4 24. Bxb4 axb4 25. d5 f5 26. Bd3 g6
27. Kf1 Be5 28. h3 Ke7 29. Ke2 Bf4 30. dxc6 bxc6 31. c5 h5 32. Bc4 h4 33. Kd3
Bh6 34. Ba6 Kd7 35. Kc4 Bd2 36. Kd3 Be1 37. Ke2 Bc3 38. Kd3 g5 39. a4 g4 40.
fxg4 fxg4 41. Ke3 gxh3 42. Bf1 h2 43. Bh3+ Kc7 44. Ke4 1/2-1/2

[Event "Szuperliga - GM Szabo Laszlo csoport"]
[Site "?"]
[Date "2024.11.03"]
[Round "2.6"]
[White "Balog, Imre"]
[Black "Torma, Robert"]
[Result "1/2-1/2"]
[WhiteElo "2618"]
[BlackElo "2419"]
[PlyCount "61"]
[EventDate "2024.11.02"]
[EventType "team-tourn"]
[EventRounds "9"]
[Source "chess.hu"]
[SourceDate "2024.11.04"]
[WhiteTeam "Sentimento Ajka BSK"]
[BlackTeam "Viadukt Biatorbagy"]
[WhiteTeamCountry "HUN"]
[BlackTeamCountry "HUN"]

1. d4 d5 2. Nf3 Bf5 3. c4 e6 4. Nc3 Nc6 5. Qa4 Qd7 6. Bf4 Nf6 7. e3 Bb4 8. Rc1
O-O 9. Nh4 a6 10. Nxf5 exf5 11. Qd1 Ne4 12. h4 Rfe8 13. c5 Nd8 14. Bd3 Ne6 15.
Bxe4 fxe4 16. Bg3 Bxc3+ 17. Rxc3 Qb5 18. Qc2 Re7 19. Rb3 Qc6 20. Qc3 f5 21. Qb4
Rb8 22. O-O Rf7 23. f3 f4 24. Bxf4 Nxf4 25. exf4 Rxf4 26. fxe4 Rxe4 27. g3 Qg6
28. Rbf3 h6 29. Kg2 c6 30. Qb6 Re7 31. Qb3 1/2-1/2

[Event "Szuperliga - GM Szabo Laszlo csoport"]
[Site "?"]
[Date "2024.11.03"]
[Round "2.7"]
[White "Fogarasi, Tibor"]
[Black "Korpa, Bence"]
[Result "1/2-1/2"]
[WhiteElo "2298"]
[BlackElo "2544"]
[PlyCount "121"]
[EventDate "2024.11.02"]
[EventType "team-tourn"]
[EventRounds "9"]
[Source "chess.hu"]
[SourceDate "2024.11.04"]
[WhiteTeam "Viadukt Biatorbagy"]
[BlackTeam "Sentimento Ajka BSK"]
[WhiteTeamCountry "HUN"]
[BlackTeamCountry "HUN"]

1. e4 Nf6 2. e5 Nd5 3. d4 d6 4. Nf3 dxe5 5. Nxe5 c6 6. Nd2 Bf5 7. a3 Nd7 8. Nd3
e6 9. Nf3 Be7 10. Be2 a5 11. c4 N5b6 12. b3 a4 13. O-O O-O 14. Be3 axb3 15.
Qxb3 Na4 16. Rfc1 c5 17. d5 Bf6 18. Ra2 e5 19. Nd2 e4 20. Nf4 Be5 21. g3 Qa5
22. Bf1 Ra6 23. Ne2 Nf6 24. Bg2 Re8 25. h3 h5 26. Bf4 Bxf4 27. Nxf4 e3 28. fxe3
Rb6 29. Qd1 Rxe3 30. Nf1 Re8 31. Rf2 g6 32. Qd2 Qxd2 33. Rxd2 Rb2 34. Rxb2 Nxb2
35. d6 b6 36. Nd5 Nxd5 37. Bxd5 Be6 38. Re1 Rd8 39. Bxe6 fxe6 40. Rxe6 Nxc4 41.
Rxg6+ Kf7 42. Rh6 Rxd6 43. Rxd6 Nxd6 44. Ne3 Ke6 45. Kf2 Ke5 46. Ke2 Kd4 47. g4
hxg4 48. hxg4 Ne4 49. Nf5+ Kc3 50. Ke3 Ng5 51. Kf4 Nf7 52. g5 Nxg5 53. Kxg5 c4
54. Kf4 Kb2 55. Ke4 c3 56. Nd4 Kxa3 57. Kd3 Kb2 58. Nc2 b5 59. Nb4 Kb3 60. Nc2
b4 61. Nxb4 1/2-1/2

[Event "Szuperliga - GM Szabo Laszlo csoport"]
[Site "?"]
[Date "2024.11.03"]
[Round "2.8"]
[White "Gaal, Zsoka"]
[Black "Szikszai, Bertalan"]
[Result "0-1"]
[WhiteElo "2425"]
[BlackElo "2283"]
[PlyCount "138"]
[EventDate "2024.11.02"]
[EventType "team-tourn"]
[EventRounds "9"]
[Source "chess.hu"]
[SourceDate "2024.11.04"]
[WhiteTeam "Sentimento Ajka BSK"]
[BlackTeam "Viadukt Biatorbagy"]
[WhiteTeamCountry "HUN"]
[BlackTeamCountry "HUN"]

1. d4 Nf6 2. c4 d6 3. Nc3 Nbd7 4. e4 e5 5. Nf3 c6 6. g3 Be7 7. Bg2 O-O 8. O-O
Re8 9. h3 b5 10. cxb5 cxb5 11. a3 Bb7 12. Re1 a6 13. b3 Bf8 14. Bb2 Qb6 15. Rc1
Rac8 16. Rc2 Rc7 17. Rd2 Rec8 18. Qa1 a5 19. h4 b4 20. Na4 Qa7 21. dxe5 Nxe4
22. Bd4 Qa6 23. Rdd1 Rc2 24. axb4 axb4 25. Rc1 dxe5 26. Rxc2 Rxc2 27. Qd1 Rc8
28. Nxe5 Nxe5 29. Bxe5 Nc3 30. Qd7 Bxg2 31. Kxg2 Qa8+ 32. Kg1 Rd8 33. Nb6 Rxd7
34. Nxa8 Nd5 35. Rd1 f6 36. Bf4 Nb6 37. Rxd7 Nxd7 38. Be3 Nc5 39. Bxc5 Bxc5 40.
Nc7 Kf7 41. Kf1 g5 42. Ke2 gxh4 43. gxh4 Kg6 44. f4 Kh5 45. Ne8 Be7 46. Kf3 f5
47. Nc7 Kxh4 48. Nd5 Bc5 49. Nf6 h6 50. Nd7 Bd4 51. Nf8 Kh5 52. Kg3 Bc5 53. Ne6
Bd6 54. Kh3 Kg6 55. Kg3 Kf6 56. Nd4 Bc5 57. Ne2 Ke6 58. Kf3 h5 59. Kg3 Kd5 60.
Kh4 Ke4 61. Kxh5 Ke3 62. Nc1 Be7 63. Kg6 Kxf4 64. Nd3+ Ke4 65. Nf2+ Kf3 66. Nd3
Ke4 67. Nf2+ Ke3 68. Nd1+ Ke2 69. Nb2 f4 0-1

[Event "Szuperliga - GM Szabo Laszlo csoport"]
[Site "?"]
[Date "2024.11.03"]
[Round "2.9"]
[White "Szakmary, Domonkos"]
[Black "Pasti, Aron"]
[Result "0-1"]
[WhiteElo "2174"]
[BlackElo "2355"]
[PlyCount "80"]
[EventDate "2024.11.02"]
[EventType "team-tourn"]
[EventRounds "9"]
[Source "chess.hu"]
[SourceDate "2024.11.04"]
[WhiteTeam "Viadukt Biatorbagy"]
[BlackTeam "Sentimento Ajka BSK"]
[WhiteTeamCountry "HUN"]
[BlackTeamCountry "HUN"]

1. e4 c5 2. Nf3 Nc6 3. Bb5 g6 4. Bxc6 dxc6 5. d3 Bg7 6. h3 Nf6 7. Nc3 b5 8. Be3
c4 9. dxc4 Qxd1+ 10. Rxd1 bxc4 11. Bd4 O-O 12. Ne5 c5 13. Bxc5 Nxe4 14. Nxe4
Bxe5 15. Bd4 Bxd4 16. Rxd4 Rb8 17. b3 Be6 18. Nc5 cxb3 19. cxb3 Bf5 20. Kd2
Rfc8 21. Rc1 h5 22. Rdc4 g5 23. Ke3 Rd8 24. g4 hxg4 25. hxg4 Bg6 26. Ne4 f6 27.
Rc7 Bxe4 28. Kxe4 Rd2 29. Rxa7 Rbd8 30. Kf3 R8d3+ 31. Kg2 Re2 32. Rcc7 Kf7 33.
Rd7 Rc3 34. Rdc7 Rce3 35. Kf1 Re1+ 36. Kg2 R3e2 37. Rc3 Rb2 38. a4 Re4 39. Kg3
Rb1 40. Rc4 Rxb3+ 0-1

[Event "Szuperliga - GM Szabo Laszlo csoport"]
[Site "?"]
[Date "2024.11.03"]
[Round "2.1"]
[White "Indjic, Aleksandar"]
[Black "Gledura, Benjamin"]
[Result "1/2-1/2"]
[WhiteElo "2623"]
[BlackElo "2652"]
[PlyCount "160"]
[EventDate "2024.11.02"]
[EventType "team-tourn"]
[EventRounds "9"]
[Source "chess.hu"]
[SourceDate "2024.11.04"]
[WhiteTeam "Aquarena Kobanya SC"]
[BlackTeam "Tuxera ANSK"]
[WhiteTeamCountry "HUN"]
[BlackTeamCountry "HUN"]

1. Nf3 d5 2. d4 Nf6 3. c4 e6 4. Nc3 Bb4 5. Bg5 h6 6. Bxf6 Qxf6 7. e3 O-O 8. a3
Bxc3+ 9. bxc3 c5 10. g4 Nc6 11. h4 Qe7 12. g5 h5 13. Nd2 g6 14. Bg2 Rd8 15. O-O
Qc7 16. cxd5 exd5 17. c4 dxc4 18. d5 Ne7 19. e4 b5 20. Qc1 Qf4 21. a4 Bd7 22.
axb5 Bxb5 23. Nf3 Qc7 24. Qc3 Nc8 25. Nd2 Nb6 26. f4 a6 27. Ra3 Ra7 28. f5 Nd7
29. fxg6 fxg6 30. Nxc4 Bxc4 31. d6 Qxd6 32. Qxc4+ Kh8 33. Rd3 Qe5 34. Rf7 Rb8
35. Qa2 c4 36. Rdxd7 Rxd7 37. Rxd7 Rb2 38. Rd8+ Kh7 39. Rd7+ Kh8 40. Qa3 Rb1+
41. Bf1 Rxf1+ 42. Kxf1 Qf4+ 43. Ke1 Qxe4+ 44. Kd2 Qf4+ 45. Kc3 Qe5+ 46. Kxc4
Qb5+ 47. Kc3 Qxd7 48. Qf8+ Kh7 49. Qh6+ Kg8 50. Qxg6+ Kf8 51. Qf6+ Kg8 52. Qd4
Qf5 53. Qc4+ Kg7 54. Qc7+ Kg8 55. Qb8+ Kg7 56. Qb7+ Kg8 57. Kd4 Qf2+ 58. Ke5 a5
59. Qc8+ Kg7 60. Qd7+ Kg6 61. Qe6+ Kg7 62. Qh6+ Kg8 63. Qg6+ Kf8 64. Qd6+ Kg7
65. Qd7+ Kg6 66. Qd3+ Kg7 67. Qd4 Qf7 68. Ke4+ Kh7 69. Qd5 Qe7+ 70. Kd4 a4 71.
Kc4 a3 72. Qd3+ Kg7 73. Kb3 Qa7 74. Qc3+ Kh7 75. Qc2+ Kg7 76. Qc1 a2 77. Qb2+
Kg6 78. Qc2+ Kg7 79. Qb2+ Kg6 80. Qc2+ Kg7 1/2-1/2

[Event "Szuperliga - GM Szabo Laszlo csoport"]
[Site "?"]
[Date "2024.11.03"]
[Round "2.2"]
[White "Grigoriants, Sergey"]
[Black "Nagy, Gabor"]
[Result "1-0"]
[WhiteElo "2531"]
[BlackElo "2458"]
[PlyCount "93"]
[EventDate "2024.11.02"]
[EventType "team-tourn"]
[EventRounds "9"]
[Source "chess.hu"]
[SourceDate "2024.11.04"]
[WhiteTeam "Tuxera ANSK"]
[BlackTeam "Aquarena Kobanya SC"]
[WhiteTeamCountry "HUN"]
[BlackTeamCountry "HUN"]

1. e4 e5 2. Nf3 Nc6 3. Bb5 a6 4. Ba4 Nf6 5. O-O b5 6. Bb3 Bb7 7. d3 Be7 8. Re1
O-O 9. Nbd2 d6 10. a3 Re8 11. Nf1 h6 12. Ba2 Bf8 13. Ne3 Ne7 14. c4 Qd7 15. b4
Ng6 16. Bb2 Rad8 17. a4 c6 18. Qc2 d5 19. c5 d4 20. Nf5 Qc7 21. Bc1 Bc8 22. Bd2
Bd7 23. Bb3 Qc8 24. axb5 axb5 25. Ra7 Be6 26. Rea1 Rd7 27. Bxe6 Rxa7 28. Rxa7
Qxe6 29. Qa2 Qxa2 30. Rxa2 Rc8 31. Ra7 Ne8 32. h4 h5 33. Ng5 Nh8 34. f4 g6 35.
Ne7+ Bxe7 36. Rxe7 f6 37. Nh7 exf4 38. Bxf4 g5 39. Rxe8+ Rxe8 40. Nxf6+ Kf7 41.
Nxe8 gxf4 42. Nd6+ Kf6 43. Nf5 Ng6 44. Kf2 Ne5 45. Ke2 Ng6 46. Nxd4 Nxh4 47.
Kf2 1-0

[Event "Szuperliga - GM Szabo Laszlo csoport"]
[Site "?"]
[Date "2024.11.03"]
[Round "2.3"]
[White "Nenezic, Marko"]
[Black "Kantor, Gergely"]
[Result "1/2-1/2"]
[WhiteElo "2497"]
[BlackElo "2554"]
[PlyCount "88"]
[EventDate "2024.11.02"]
[EventType "team-tourn"]
[EventRounds "9"]
[Source "chess.hu"]
[SourceDate "2024.11.04"]
[WhiteTeam "Aquarena Kobanya SC"]
[BlackTeam "Tuxera ANSK"]
[WhiteTeamCountry "HUN"]
[BlackTeamCountry "HUN"]

1. Nf3 d5 2. g3 c5 3. Bg2 Nf6 4. c4 d4 5. b4 cxb4 6. a3 b3 7. d3 Nc6 8. Nbd2 e5
9. O-O a5 10. Qxb3 a4 11. Qa2 h6 12. Rb1 Bc5 13. Ne1 Qd6 14. Nc2 Ra7 15. Qb2
Bg4 16. Re1 O-O 17. Nb4 Ne7 18. Nf3 Ng6 19. e3 b6 20. exd4 exd4 21. Bd2 Nd7 22.
Qc2 Qf6 23. Nd5 Qf5 24. Bf4 Nxf4 25. gxf4 Bh3 26. Bxh3 Qxh3 27. Qd1 Raa8 28.
Ne5 Nxe5 29. fxe5 Rae8 30. Re4 f5 31. exf6 Rxe4 32. dxe4 Bd6 33. f4 Bxf4 34.
Rb2 Be3+ 35. Kh1 Bg5 36. e5 gxf6 37. exf6 Bxf6 38. Rg2+ Bg5 39. Kg1 d3 40. Rg3
Qe6 41. Rxd3 Qe5 42. Rf3 Re8 43. Qd3 Kg7 44. Kg2 Re6 1/2-1/2

[Event "Szuperliga - GM Szabo Laszlo csoport"]
[Site "?"]
[Date "2024.11.03"]
[Round "2.4"]
[White "Antal, Gergely"]
[Black "Berczes, David"]
[Result "1-0"]
[WhiteElo "2543"]
[BlackElo "2413"]
[PlyCount "91"]
[EventDate "2024.11.02"]
[EventType "team-tourn"]
[EventRounds "9"]
[Source "chess.hu"]
[SourceDate "2024.11.04"]
[WhiteTeam "Tuxera ANSK"]
[BlackTeam "Aquarena Kobanya SC"]
[WhiteTeamCountry "HUN"]
[BlackTeamCountry "HUN"]

1. e4 e6 2. d4 d5 3. Nd2 c5 4. exd5 Qxd5 5. Ngf3 cxd4 6. Bc4 Qd6 7. Ne4 Qb4+ 8.
Nfd2 Nd7 9. O-O Ngf6 10. Bb3 Be7 11. c3 dxc3 12. bxc3 Qb5 13. Nxf6+ gxf6 14.
Rb1 Qc6 15. Ba4 Qc7 16. Ne4 b6 17. Nxf6+ Bxf6 18. Qf3 O-O 19. Bxd7 Be5 20. Bc6
Rb8 21. Bh6 Bg7 22. Bxg7 Kxg7 23. Rb4 f5 24. Rd1 e5 25. Rc4 Qe7 26. Re1 Ba6 27.
Rd4 Kh8 28. Rd7 Qg5 29. Rxa7 e4 30. Qh3 Qg6 31. Bxe4 fxe4 32. Rxa6 Rbd8 33. Qe3
Rf6 34. g3 Re6 35. Ra4 Rd3 36. Qf4 Rf3 37. Qb8+ Re8 38. Qb7 Rf7 39. Qd5 e3 40.
Qd4+ Kg8 41. Rxe3 Qb1+ 42. Kg2 Rxf2+ 43. Kxf2 Rf8+ 44. Rf3 Qc2+ 45. Kg1 Qc1+
46. Kg2 1-0

[Event "Szuperliga - GM Szabo Laszlo csoport"]
[Site "?"]
[Date "2024.11.03"]
[Round "2.5"]
[White "Karacsonyi, Gellert"]
[Black "Markus, Robert"]
[Result "1/2-1/2"]
[WhiteElo "2390"]
[BlackElo "2592"]
[PlyCount "100"]
[EventDate "2024.11.02"]
[EventType "team-tourn"]
[EventRounds "9"]
[Source "chess.hu"]
[SourceDate "2024.11.04"]
[WhiteTeam "Aquarena Kobanya SC"]
[BlackTeam "Tuxera ANSK"]
[WhiteTeamCountry "HUN"]
[BlackTeamCountry "HUN"]

1. e4 Nf6 2. e5 Nd5 3. d4 d6 4. Nf3 dxe5 5. Nxe5 c6 6. Be2 Bf5 7. O-O Nd7 8.
Nf3 e6 9. c4 N5f6 10. Nh4 Bg6 11. Bg5 Qa5 12. Qd2 Bb4 13. Qe3 O-O 14. Nxg6 hxg6
15. Nc3 Rfe8 16. Bxf6 gxf6 17. a3 Bxc3 18. Qxc3 Qxc3 19. bxc3 Rac8 20. c5 b6
21. cxb6 axb6 22. Bf3 Rc7 23. c4 Ra8 24. d5 Ne5 25. Rfb1 exd5 26. cxd5 cxd5 27.
Bxd5 Ra5 28. Bb3 Rca7 29. Bd1 Nd7 30. Rb3 Rd5 31. Be2 Rd2 32. Bf1 Kf8 33. g3
Rc7 34. Bb5 Ne5 35. h3 Rcc2 36. Rf1 Ke7 37. Ba4 Rb2 38. Rxb2 Rxb2 39. Re1 Kd6
40. Rd1+ Kc5 41. Be8 b5 42. Rc1+ Kd6 43. Rc8 Ke7 44. Rb8 Nf3+ 45. Kg2 Nd4 46.
a4 b4 47. a5 b3 48. Ba4 Ra2 49. Bxb3 Nxb3 50. Rxb3 Rxa5 1/2-1/2

[Event "Szuperliga - GM Szabo Laszlo csoport"]
[Site "?"]
[Date "2024.11.03"]
[Round "2.6"]
[White "Horvath, Dominik"]
[Black "Horvath, Adam"]
[Result "1/2-1/2"]
[WhiteElo "2541"]
[BlackElo "2384"]
[PlyCount "65"]
[EventDate "2024.11.02"]
[EventType "team-tourn"]
[EventRounds "9"]
[Source "chess.hu"]
[SourceDate "2024.11.04"]
[WhiteTeam "Tuxera ANSK"]
[BlackTeam "Aquarena Kobanya SC"]
[WhiteTeamCountry "HUN"]
[BlackTeamCountry "HUN"]

1. e4 c5 2. Nf3 e6 3. d4 cxd4 4. Nxd4 Nc6 5. Nc3 Qc7 6. Be3 a6 7. a3 b5 8. Nxc6
Qxc6 9. h4 Nf6 10. h5 Nxe4 11. Nxe4 Qxe4 12. Be2 Rb8 13. Qd2 b4 14. Bf3 Qc4 15.
b3 Qc7 16. Rh4 d5 17. Kf1 Be7 18. Rxb4 Rxb4 19. axb4 Bf6 20. Bd4 e5 21. Qc3 Kd8
22. Bc5 e4 23. Qe3 Qh2 24. Rd1 exf3 25. Rxd5+ Bd7 26. Qxf3 Qh1+ 27. Ke2 Re8+
28. Be3 Qh4 29. Rxd7+ Kxd7 30. Qd5+ Kc7 31. Qc5+ Kd7 32. Qd5+ Kc7 33. Qc5+
1/2-1/2

[Event "Szuperliga - GM Szabo Laszlo csoport"]
[Site "?"]
[Date "2024.11.03"]
[Round "2.7"]
[White "Szabo, Bence"]
[Black "Medvegy, Zoltan"]
[Result "0-1"]
[WhiteElo "2341"]
[BlackElo "2514"]
[PlyCount "95"]
[EventDate "2024.11.02"]
[EventType "team-tourn"]
[EventRounds "9"]
[Source "chess.hu"]
[SourceDate "2024.11.04"]
[WhiteTeam "Aquarena Kobanya SC"]
[BlackTeam "Tuxera ANSK"]
[WhiteTeamCountry "HUN"]
[BlackTeamCountry "HUN"]

1. d4 e6 2. c4 f5 3. Nf3 Nf6 4. g3 d5 5. Bg2 c6 6. O-O Bd6 7. b3 Qe7 8. a4 a5
9. Na3 O-O 10. Nc2 Nbd7 11. Ba3 Bxa3 12. Nxa3 b6 13. Qc2 Ba6 14. Qb2 Ne4 15.
Rfc1 Rac8 16. Rab1 f4 17. b4 g5 18. b5 cxb5 19. cxb5 Bb7 20. Rxc8 Rxc8 21. Rc1
Qf8 22. Rxc8 Qxc8 23. Nd2 Qc3 24. Qxc3 Nxc3 25. Kf1 Nxa4 26. Ndb1 Nf6 27. Ke1
Ne4 28. Bxe4 dxe4 29. Nc4 Bd5 30. Ne5 Kg7 31. Kd2 e3+ 32. Ke1 Be4 33. Na3 exf2+
34. Kxf2 fxg3+ 35. hxg3 h5 36. Nd7 Bd5 37. Ne5 Nc3 38. Nd7 Na4 39. Ne5 Kf6 40.
Nb1 Kf5 41. g4+ hxg4 42. e3 Nb2 43. Nc3 a4 44. Nd7 a3 45. e4+ Bxe4 46. Nxb6
Nd1+ 47. Nxd1 a2 48. Ne3+ 0-1

[Event "Szuperliga - GM Szabo Laszlo csoport"]
[Site "?"]
[Date "2024.11.03"]
[Round "2.8"]
[White "Aczel, Gergely"]
[Black "Polyik, Peter"]
[Result "0-1"]
[WhiteElo "2488"]
[BlackElo "2323"]
[PlyCount "74"]
[EventDate "2024.11.02"]
[EventType "team-tourn"]
[EventRounds "9"]
[Source "chess.hu"]
[SourceDate "2024.11.04"]
[WhiteTeam "Tuxera ANSK"]
[BlackTeam "Aquarena Kobanya SC"]
[WhiteTeamCountry "HUN"]
[BlackTeamCountry "HUN"]

1. c4 c5 2. Nf3 Nf6 3. Nc3 Nc6 4. g3 d5 5. d4 cxd4 6. Nxd4 dxc4 7. Nxc6 Qxd1+
8. Nxd1 bxc6 9. Bd2 Rb8 10. Rc1 Ne4 11. Rxc4 Nxd2 12. Kxd2 e6 13. Bg2 Bb4+ 14.
Kc1 Ba6 15. Rc2 Ke7 16. Bxc6 Rhc8 17. Bf3 Bc4 18. b3 Bb5 19. Ne3 Ba3+ 20. Kb1
a5 21. Rd1 f6 22. Rxc8 Rxc8 23. Nc2 Bc5 24. e3 e5 25. Kb2 Bd7 26. Be4 Be6 27.
Rd2 f5 28. Bf3 Rb8 29. Kc1 g5 30. Bd5 g4 31. Bxe6 Kxe6 32. Rd1 Rf8 33. h3 h5
34. hxg4 hxg4 35. Rh1 Kd5 36. Kd2 Ke4 37. Ke2 Rc8 0-1

[Event "Szuperliga - GM Szabo Laszlo csoport"]
[Site "?"]
[Date "2024.11.03"]
[Round "2.9"]
[White "Karacsonyi, Kata"]
[Black "Palczert, Matyas"]
[Result "0-1"]
[WhiteElo "2239"]
[BlackElo "2359"]
[PlyCount "148"]
[EventDate "2024.11.02"]
[EventType "team-tourn"]
[EventRounds "9"]
[Source "chess.hu"]
[SourceDate "2024.11.04"]
[WhiteTeam "Aquarena Kobanya SC"]
[BlackTeam "Tuxera ANSK"]
[WhiteTeamCountry "HUN"]
[BlackTeamCountry "HUN"]

1. e4 e5 2. Nf3 Nc6 3. Bc4 Nf6 4. d3 d5 5. exd5 Nxd5 6. Qe2 f6 7. O-O Nb6 8.
Bb5 Bd6 9. a4 a6 10. Bxc6+ bxc6 11. a5 Nd7 12. Nc3 O-O 13. Ne4 c5 14. Nxd6 cxd6
15. Qe4 Qc7 16. Qd5+ Kh8 17. Nh4 Bb7 18. Qe6 f5 19. Ra4 Rf6 20. Qa2 f4 21. b4
Bc6 22. bxc5 Bxa4 23. Qxa4 Nxc5 24. Qc4 Ne6 25. Qxc7 Nxc7 26. Nf3 Rb8 27. Ba3
h6 28. Nd2 d5 29. c4 dxc4 30. Nxc4 Rb3 31. Bd6 Nb5 32. Bxe5 Re6 33. d4 Rb4 34.
d5 Re8 35. Nd6 Nxd6 36. Bxd6 Rd4 37. Bc7 Rxd5 38. h3 Re2 39. Rc1 Re6 40. Bb6
Kh7 41. Kh2 Rg6 42. Bc7 Rdg5 43. g3 fxg3+ 44. fxg3 Rb5 45. Rc2 Rgg5 46. Bb6 Rb3
47. Bc7 Rgb5 48. Kg2 Rb2 49. Rxb2 Rxb2+ 50. Kf3 Rb4 51. h4 h5 52. Be5 Ra4 53.
Bc7 Kg6 54. Kg2 Kf5 55. Kh3 g6 56. Bb6 Ke6 57. Kg2 Kd5 58. Kf3 Kc6 59. Bd8 Kb5
60. Bc7 Rxa5 61. Bxa5 Kxa5 62. Kf4 Kb5 63. Kg5 a5 64. Kxg6 a4 65. Kxh5 a3 66.
Kg6 a2 67. g4 a1=Q 68. g5 Kc6 69. h5 Kd7 70. Kf7 Qf1+ 71. Kg7 Ke7 72. g6 Qf8+
73. Kh7 Qf5 74. Kh6 Kf6 0-1